000 00711nam a2200289Ia 4500
005 20260324121828.0
008 008 260324s9999 xx 000 0 eng d
020 _a9780203102367
037 _aEBOOK
040 _aCRL
040 _beng
040 _cCRL
041 _2eng
041 _aeng
084 _qCRL
100 _aBonita M. Kolb
_91141977
245 0 _aMarketing for Cultural Organizations
245 0 _bNew Strategies for Attracting Audiences - third edition
260 _bTaylor and Francis
260 _c2013
365 _a
365 _b230
856 _uhttp://www.taylorfrancis.com/books/9780203102367
942 _cEBOOK
999 _c1756375
_d1756375